000 00717nam a2200265Ia 4500
003 OSt
005 20221005033326.0
006 a|||||r|||| 00| 0
007 ta
008 221004b |||||||| |||| 00| 0 eng d
020 _a81 7646 257 8
024 _a72514
037 _cTextual
040 _aCRL
_cCRL
_beng
041 _2eng
_aeng
082 _aNA44,B(MV41), P2
100 _aMishra Ratanlal
_9586009
245 0 _aMilitary architecture in Ancient India
260 _aDelhi
_bB.R. Publishing Corporation India
_c2002
300 _a231p
_ccm.
650 _a ARTS
650 _aARCHITECTURE
942 _hNA44,B(MV41), P2
_cTEXL
_2cc
999 _c941347
_d941347